<?xml version="1.0" encoding="UTF-8"?>
<record
    xmlns:xsi="http://www.w3.org/2001/XMLSchema-instance"
    xsi:schemaLocation="http://www.loc.gov/MARC21/slim http://www.loc.gov/standards/marcxml/schema/MARC21slim.xsd"
    xmlns="http://www.loc.gov/MARC21/slim">

  <leader>00677nam a2200157Ia 4500</leader>
  <controlfield tag="008">120622s9999    xx            000 0 und d</controlfield>
  <datafield tag="082" ind1=" " ind2=" ">
    <subfield code="a">327.72 A673ha v.14 1971</subfield>
  </datafield>
  <datafield tag="245" ind1=" " ind2=" ">
    <subfield code="a">El doctor Vicente G. Quesada y sus trabajos diplomaticos sobre Mexico / noticias recopiladas y comentadas por Fernando Gonzalez Roa</subfield>
  </datafield>
  <datafield tag="250" ind1=" " ind2=" ">
    <subfield code="a">2a ed</subfield>
  </datafield>
  <datafield tag="260" ind1=" " ind2=" ">
    <subfield code="a">Mexico : Porrua</subfield>
  </datafield>
  <datafield tag="300" ind1=" " ind2=" ">
    <subfield code="a">199 p.</subfield>
  </datafield>
  <datafield tag="440" ind1=" " ind2=" ">
    <subfield code="a">Archivo Historico Diplomatico Mexicano ; no.14</subfield>
  </datafield>
  <datafield tag="600" ind1=" " ind2=" ">
    <subfield code="a">1. QUESADA, VICENTE G., 1830-</subfield>
  </datafield>
  <datafield tag="650" ind1=" " ind2=" ">
    <subfield code="a">2. MEXICO - SERVICIO DIPLOMATICO Y CONSULAR \ 3. DOCUMENTOS DIPLOMATICOS - MEXICO \ 4. MEXICO - RELACIONES EXTERIORES - ARGENTINA</subfield>
  </datafield>
  <datafield tag="700" ind1=" " ind2=" ">
    <subfield code="a">Gonzalez Roa, Fernando ; comp.&#xCC;</subfield>
  </datafield>
  <datafield tag="952" ind1=" " ind2=" ">
    <subfield code="0">0</subfield>
    <subfield code="1">0</subfield>
    <subfield code="4">0</subfield>
    <subfield code="7">0</subfield>
    <subfield code="a">01</subfield>
    <subfield code="b">01</subfield>
    <subfield code="d">2007-01-25</subfield>
    <subfield code="l">0</subfield>
    <subfield code="o">327.72 A673HA V.14 1971</subfield>
    <subfield code="p">01 009272</subfield>
    <subfield code="r">2012-06-24</subfield>
    <subfield code="w">2012-06-24</subfield>
    <subfield code="y">LB</subfield>
  </datafield>
  <datafield tag="999" ind1=" " ind2=" ">
    <subfield code="c">59359</subfield>
    <subfield code="d">59359</subfield>
  </datafield>
</record>
